000 00893cab a2200265 4500
001 ABS46650
008 090401t1992 xxu||||| |||| 00| 0 eng d
035 _a(Sirsi) u59013
041 _aeng
245 _aTwo cheers for the employment market as growth grows
260 _c1992
350 _a0
490 _aChartered Surveyor Weekly
_v39(11) 11 June 1992, 26-27(2)
520 _aSurvey of the employment market for surveyors showing that general job prospects seem to be improving. Discusses what effect the crises at Olympia York and Mountleigh may have.
650 _aBUILDING SURVEYORS
650 _aABOUT RICS-RICS MEMBERS
650 _aCS JOBS MONITOR
650 _aJOB VACANCIES
650 _aNEGOTIATORS
650 _aRURAL PRACTICE
650 _aUNEMPLOYMENT
690 _aMANAGEMENT-BUSINESS MANAGEMENT-PROFESSIONAL PRACTICE
942 _n0
948 _c04/03/1997
999 _c36128
_d36128